000 00528nam a2200181Ia 4500
005 20250326124311.0
008 250326s9999 xx 000 0 und d
037 _aTextbook
040 _aFMSL
_beng
_cFMSL
041 _aeng
_2eng
084 _aX:72 L4
_qFMSL
100 _aSavage D T
_9737179
245 0 _aEconomics environmental improvement
_cSavage D T; Burke M And Others
260 _aNew Jersey
_bNew Jersey, Houghton Mifflin
_c1974
300 _a210p
942 _cTB
_hX:72 L4
999 _c1273163
_d1273163